| 000 | 00581nam a2200241 a 4500 | ||
|---|---|---|---|
| 001 | nice12345678 | ||
| 003 | IN_TiNIC | ||
| 005 | 20260116011443.0 | ||
| 008 | 050524s1960 newa grp 000 0 eng | ||
| 020 |
_a _c80.85 |
||
| 082 | 0 | 0 |
_a909.0494 _bROS |
| 100 | _aRoss, James Bruce | ||
| 245 | _aPortable Renaissance Reader | ||
| 260 |
_aNew York _bViking Press _c1960 |
||
| 300 | _a756p | ||
| 500 | _aincludes index and biblioraphy | ||
| 505 | 2 | _aIllustration | |
| 650 | _aRenaissance | ||
| 700 | 1 | _aRoss, James Bruce | |
| 902 | _bSRS | ||
| 942 | _cBK | ||
| 999 |
_c1684 _d1684 |
||